[Event "41 Abierto Ciudad de Sevilla 2016"]
[Site "Sevilla ESP"]
[Date "2016.01.13"]
[Round "6.20"]
[White "Rios Gallardo, Guillermo"]
[Black "Perera Borrego, Mariela"]
[Result "0-1"]
[WhiteElo "1980"]
[BlackElo "2173"]
[PlyCount "112"]
[EventDate "2016.01.08"]
[EventType "swiss"]
[EventRounds "9"]
[EventCountry "ESP"]
[Source "lmi"]
[SourceDate "2016.01.08"]

1. e4 d6 2. d4 Nf6 3. Nc3 e5 4. Nf3 Nbd7 5. Bc4 Be7 6. O-O O-O 7. Re1 c6 8. a4
b6 9. Ba2 a6 10. h3 Rb8 11. Nh4 exd4 12. Qxd4 Nc5 13. b4 Ncxe4 14. Nxe4 Nxe4
15. Qxe4 Bxh4 16. Bb2 Bb7 17. Qd3 Bf6 18. Bxf6 Qxf6 19. Rad1 Rbd8 20. Re3 d5
21. Rde1 c5 22. Re7 Bc8 23. c3 Be6 24. Rb7 d4 25. Bb1 g6 26. cxd4 Rxd4 27. Qxa6
Rd2 28. Rf1 Bc8 29. Qxb6 Rd6 30. Qb5 Bxb7 31. Qxb7 Rb6 32. Qc7 cxb4 33. a5 Rc6
34. Qb7 Qd6 35. Be4 Ra6 36. Rb1 Rb8 37. Qd5 Qxd5 38. Bxd5 Rxa5 39. Bb3 Rba8 40.
Rb2 Ra1+ 41. Kh2 Kg7 42. Bc4 Rb8 43. Kg3 Rc1 44. Bb3 Kf6 45. f3 Rb7 46. h4 Ke5
47. Rd2 Rb1 48. f4+ Kf6 49. Rd3 Rc7 50. Kf2 Rb2+ 51. Ke3 Rc3 52. Bd5 Rxd3+ 53.
Kxd3 Rf2 54. g3 b3 55. Ke3 b2 56. Be4 Rf1 0-1

[Event "41 Abierto Ciudad de Sevilla 2016"]
[Site "Sevilla ESP"]
[Date "2016.01.14"]
[Round "7.1"]
[White "Burmakin, Vladimir"]
[Black "Paunovic, Dragan"]
[Result "1-0"]
[WhiteElo "2539"]
[BlackElo "2432"]
[PlyCount "127"]
[EventDate "2016.01.08"]
[EventType "swiss"]
[EventRounds "9"]
[EventCountry "ESP"]
[Source "lmi"]
[SourceDate "2016.01.08"]

1. d4 d6 2. g3 Nf6 3. Bg2 g6 4. b3 Bg7 5. Bb2 O-O 6. Nf3 c5 7. O-O Nc6 8. d5
Na5 9. Re1 b5 10. e4 Bb7 11. Nbd2 Re8 12. a3 Qc7 13. b4 cxb4 14. axb4 Nc4 15.
Nxc4 Qxc4 16. Bf1 Qxb4 17. Bd4 e5 18. c3 Qb2 19. Re2 Qxa1 20. Qxa1 exd4 21.
Nxd4 Nxe4 22. Nxb5 a6 23. Nc7 Nxc3 24. Rxe8+ Rxe8 25. Qa3 Rd8 26. Qb4 Bc8 27.
Qb6 Bf6 28. Bxa6 Bxa6 29. Qxa6 h5 30. Kg2 Ne4 31. Nb5 Nc3 32. Nc7 Ne4 33. Qa4
Nc3 34. Qc6 Ne2 35. Na6 Nd4 36. Qc7 Nf5 37. Qc6 Be7 38. Nc7 Bf6 39. Qb7 Rd7 40.
h3 Re7 41. Qa8+ Kh7 42. Nb5 Kg7 43. Kf1 Re4 44. Qc6 Be5 45. Qd7 Kg8 46. Qe8+
Kg7 47. Nc7 Rb4 48. Qd7 Rb8 49. Ne6+ Kg8 50. Nd8 Nh6 51. Nc6 Rb1+ 52. Kg2 Bf6
53. Qxd6 Kg7 54. Qd7 Rd1 55. g4 hxg4 56. hxg4 g5 57. f3 Rd2+ 58. Kf1 Bc3 59. d6
Bf6 60. Qc7 Ng8 61. d7 Rc2 62. Qd6 Rc3 63. Kg2 Rc2+ 64. Kg3 1-0

[Event "41 Abierto Ciudad de Sevilla 2016"]
[Site "Sevilla ESP"]
[Date "2016.01.14"]
[Round "7.2"]
[White "Komljenovic, Davor"]
[Black "Vorobiov, Evgeny E"]
[Result "0-1"]
[WhiteElo "2394"]
[BlackElo "2572"]
[PlyCount "76"]
[EventDate "2016.01.08"]
[EventType "swiss"]
[EventRounds "9"]
[EventCountry "ESP"]
[Source "lmi"]
[SourceDate "2016.01.08"]

1. Nf3 Nf6 2. b3 d6 3. g3 e5 4. Bg2 g6 5. c4 Bg7 6. Nc3 O-O 7. Bb2 Re8 8. O-O
Na6 9. d3 c6 10. e4 Qc7 11. a3 Nc5 12. b4 Ne6 13. Qb3 h6 14. Kh1 Nh7 15. Ne2 a5
16. d4 axb4 17. axb4 Rxa1 18. Bxa1 Nhg5 19. d5 Nxf3 20. Bxf3 Nd4 21. Nxd4 exd4
22. Rd1 Qb6 23. Qa3 c5 24. bxc5 dxc5 25. Bg2 f5 26. Qd3 Qf6 27. f3 h5 28. Bb2
h4 29. f4 h3 30. Bf3 fxe4 31. Bxe4 Bg4 32. Rf1 Qe7 33. Bf3 Bxf3+ 34. Qxf3 Qe2
35. Qxe2 Rxe2 36. Bc1 d3 37. d6 d2 38. d7 Bf6 0-1

[Event "41 Abierto Ciudad de Sevilla 2016"]
[Site "Sevilla ESP"]
[Date "2016.01.14"]
[Round "7.3"]
[White "Satyapragyan, Swayangsu"]
[Black "Sundararajan, Kidambi"]
[Result "1-0"]
[WhiteElo "2410"]
[BlackElo "2508"]
[PlyCount "63"]
[EventDate "2016.01.08"]
[EventType "swiss"]
[EventRounds "9"]
[EventCountry "ESP"]
[Source "lmi"]
[SourceDate "2016.01.08"]

1. e4 e5 2. Nf3 Nc6 3. Bb5 a6 4. Ba4 Nf6 5. O-O Be7 6. Re1 b5 7. Bb3 d6 8. c3
O-O 9. h3 Na5 10. Bc2 c5 11. d4 Qc7 12. d5 c4 13. b4 cxb3 14. axb3 Nb7 15. b4
Bd7 16. Bd3 Ne8 17. Qb3 g6 18. Re2 Ng7 19. Rea2 a5 20. Na3 f5 21. Nxb5 Bxb5 22.
Bxb5 fxe4 23. Nxe5 Bh4 24. Qc4 Qb6 25. Ng4 Nf5 26. Bd7 h5 27. Qc6 Qa7 28. Be6+
Kh8 29. Bxf5 Bxf2+ 30. Nxf2 Rxf5 31. Re2 Rxf2 32. Be3 1-0

[Event "41 Abierto Ciudad de Sevilla 2016"]
[Site "Sevilla ESP"]
[Date "2016.01.14"]
[Round "7.4"]
[White "Hoffman, Alejandro"]
[Black "Sarkar, Justin"]
[Result "1-0"]
[WhiteElo "2476"]
[BlackElo "2407"]
[PlyCount "109"]
[EventDate "2016.01.08"]
[EventType "swiss"]
[EventRounds "9"]
[EventCountry "ESP"]
[Source "lmi"]
[SourceDate "2016.01.08"]

1. Nf3 d5 2. d4 Nf6 3. c4 dxc4 4. e3 b5 5. a4 b4 6. Bxc4 e6 7. O-O Be7 8. Qe2
Bb7 9. Nbd2 O-O 10. Nb3 a5 11. Rd1 Nbd7 12. Ne5 Qc8 13. Nxd7 Qxd7 14. f3 Bc6
15. Bb5 Bxb5 16. axb5 a4 17. Nc5 Bxc5 18. dxc5 Qe7 19. Qc4 Nd7 20. Bd2 Qxc5 21.
Qxc5 Nxc5 22. Bxb4 Nb3 23. Bxf8 Nxa1 24. Be7 Nb3 25. Bd8 Kf8 26. Bxc7 Ke8 27.
b6 Nc5 28. Rc1 Nb7 29. Be5 f6 30. Rc7 fxe5 31. Rxb7 Ra6 32. Rxg7 Rxb6 33. Rxh7
Rxb2 34. Ra7 Rb4 35. e4 Kd8 36. h4 Kc8 37. h5 Kb8 38. Ra5 Kc7 39. h6 Rb8 40.
Rxa4 Rh8 41. Ra5 Kd6 42. Ra6+ Ke7 43. h7 Kf6 44. Ra7 Kg6 45. Kf2 Rb8 46. Kg3
Rf8 47. Kh3 Rh8 48. Kg4 Kf6 49. g3 Kg6 50. f4 exf4 51. gxf4 Rxh7 52. Rxh7 Kxh7
53. Kg5 Kg7 54. e5 Kf7 55. Kh6 1-0

[Event "41 Abierto Ciudad de Sevilla 2016"]
[Site "Sevilla ESP"]
[Date "2016.01.14"]
[Round "7.5"]
[White "Pogorelov, Ruslan"]
[Black "Fernandez Romero, Ernesto"]
[Result "0-1"]
[WhiteElo "2336"]
[BlackElo "2475"]
[PlyCount "128"]
[EventDate "2016.01.08"]
[EventType "swiss"]
[EventRounds "9"]
[EventCountry "ESP"]
[Source "lmi"]
[SourceDate "2016.01.08"]

1. Nf3 c5 2. c4 Nf6 3. Nc3 Nc6 4. d4 cxd4 5. Nxd4 e6 6. a3 Bc5 7. Nb3 Bb6 8. e4
d5 9. exd5 exd5 10. Nxd5 Nxd5 11. cxd5 O-O 12. Be2 Qf6 13. O-O Rd8 14. Qd3 Be6
15. Qf3 Qxf3 16. Bxf3 Bxd5 17. Bxd5 Rxd5 18. Nd2 Ne5 19. Ne4 Nd3 20. Nc3 Rf5
21. Be3 Bxe3 22. fxe3 Rxf1+ 23. Kxf1 Nxb2 24. Rb1 Nc4 25. Rxb7 Nxa3 26. Ke2 h6
27. e4 Nc2 28. Kd2 Nd4 29. Nd5 a5 30. Ke3 Nc6 31. Nb6 Ra6 32. Na4 Ne5 33. Kd4
f6 34. Rb5 h5 35. Kd5 Kh7 36. h4 Ra8 37. Ke6 Kg6 38. Ke7 Ra7+ 39. Ke6 Ra6+ 40.
Kd5 Ra8 41. Kd4 Kh6 42. g3 Rd8+ 43. Rd5 Rb8 44. Kc3 Rb4 45. Rd4 Rxd4 46. Kxd4
g5 47. Nc5 gxh4 48. gxh4 Nf3+ 49. Kc4 Nxh4 50. Kb5 Ng2 51. Nd3 Kg5 52. Kxa5 Nf4
53. Nf2 Kh4 54. e5 fxe5 55. Kb5 Kg3 56. Ne4+ Kf3 57. Ng5+ Kg4 58. Ne4 h4 59.
Kc6 Kf5 60. Nd2 Ke6 61. Ne4 h3 62. Kc5 h2 63. Ng3 Nd3+ 64. Kc4 Nf2 0-1

[Event "41 Abierto Ciudad de Sevilla 2016"]
[Site "Sevilla ESP"]
[Date "2016.01.14"]
[Round "7.6"]
[White "Espinoza Palomino, Willyam"]
[Black "Perez Mitjans, Orelvis"]
[Result "1/2-1/2"]
[WhiteElo "2342"]
[BlackElo "2455"]
[PlyCount "32"]
[EventDate "2016.01.08"]
[EventType "swiss"]
[EventRounds "9"]
[EventCountry "ESP"]
[Source "lmi"]
[SourceDate "2016.01.08"]

1. e4 e6 2. d4 d5 3. Nc3 Bb4 4. e5 c5 5. a3 Bxc3+ 6. bxc3 Qc7 7. Nf3 Nc6 8. a4
Nge7 9. Ba3 b6 10. Bd3 Bd7 11. O-O h6 12. Re1 c4 13. Bf1 O-O 14. g3 f5 15. exf6
Rxf6 16. Bh3 Nf5 1/2-1/2

[Event "41 Abierto Ciudad de Sevilla 2016"]
[Site "Sevilla ESP"]
[Date "2016.01.14"]
[Round "7.7"]
[White "Lopez Gonzalez, Daniel"]
[Black "Teran Alvarez, Ismael"]
[Result "0-1"]
[WhiteElo "2271"]
[BlackElo "2416"]
[PlyCount "128"]
[EventDate "2016.01.08"]
[EventType "swiss"]
[EventRounds "9"]
[EventCountry "ESP"]
[Source "lmi"]
[SourceDate "2016.01.08"]

1. Nf3 Nf6 2. c4 g6 3. Nc3 Bg7 4. e4 d6 5. d4 O-O 6. Be2 Bg4 7. Be3 Nfd7 8. Rc1
e5 9. Qd2 Bxf3 10. Bxf3 Nc6 11. Ne2 exd4 12. Nxd4 Nde5 13. h4 Nxf3+ 14. gxf3
Qf6 15. Nxc6 bxc6 16. Ke2 Qxb2 17. Qxb2 Bxb2 18. Rb1 Rfb8 19. h5 c5 20. hxg6
hxg6 21. Kd3 Rb6 22. Bd2 Rab8 23. Ba5 R6b7 24. Kc2 Be5 25. Rb3 Rxb3 26. axb3
Rb7 27. Bd2 Kf8 28. Be3 Ke7 29. Rd1 Rb6 30. f4 Bg7 31. e5 Ra6 32. Kd3 Ra3 33.
Rb1 Ke6 34. Ke4 a5 35. f3 a4 36. bxa4 Rc3 37. Rb8 Rxc4+ 38. Kd3 Rxa4 39. Rg8
c4+ 40. Kd2 Ra2+ 41. Kc1 Re2 42. Bd2 c3 43. exd6 cxd2+ 44. Kd1 Re1+ 45. Kxd2
Bc3+ 46. Kxc3 Kxd6 47. Kd2 Re7 48. Ra8 c6 49. Kd3 Kd5 50. Rd8+ Kc5 51. Rb8 Kd6
52. Kd4 Rd7 53. Re8 Ra7 54. Rd8+ Ke7 55. Rc8 Kd7 56. Rf8 Ra4+ 57. Ke3 Ke7 58.
Rb8 Ra3+ 59. Ke4 Ra4+ 60. Ke3 Ra3+ 61. Ke4 f5+ 62. Ke5 Re3+ 63. Kd4 Rxf3 64.
Rb7+ Kd6 0-1

[Event "41 Abierto Ciudad de Sevilla 2016"]
[Site "Sevilla ESP"]
[Date "2016.01.14"]
[Round "7.8"]
[White "Gutierrez Jimenez, Juan Manuel"]
[Black "Kogan, Arthur"]
[Result "0-1"]
[WhiteElo "2288"]
[BlackElo "2540"]
[PlyCount "84"]
[EventDate "2016.01.08"]
[EventType "swiss"]
[EventRounds "9"]
[EventCountry "ESP"]
[Source "lmi"]
[SourceDate "2016.01.08"]

1. e4 c5 2. c4 Nc6 3. Nc3 g6 4. g3 Bg7 5. Bg2 a6 6. Nge2 b5 7. d3 Rb8 8. O-O d6
9. Rb1 e6 10. e5 Nxe5 11. cxb5 axb5 12. d4 cxd4 13. Nxd4 Ne7 14. Ndxb5 d5 15.
Be3 O-O 16. a4 Ba6 17. Bc5 Rc8 18. Ba3 Nc4 19. Bb4 Nxb2 20. Rxb2 Bxb5 21. axb5
Bxc3 22. Bxc3 Rxc3 23. b6 Qd6 24. Qa4 Rb8 25. b7 Ra3 26. Qc2 Ra7 27. Rfb1 Qd7
28. Qd2 Raxb7 29. Rxb7 Rxb7 30. Re1 Qb5 31. h4 Qb4 32. Qe2 Qc3 33. Rf1 h5 34.
Bh3 Rb2 35. Qa6 Qf6 36. Qa3 Kg7 37. Qd3 Nc6 38. Qd1 Ne5 39. Kg2 Nc4 40. Qd3 Nd2
41. Re1 Ne4 42. Re2 Nxf2 0-1

[Event "41 Abierto Ciudad de Sevilla 2016"]
[Site "Sevilla ESP"]
[Date "2016.01.14"]
[Round "7.9"]
[White "Lei, Tingjie"]
[Black "Silva Lucena, Cristian"]
[Result "1-0"]
[WhiteElo "2474"]
[BlackElo "2220"]
[PlyCount "89"]
[EventDate "2016.01.08"]
[EventType "swiss"]
[EventRounds "9"]
[EventCountry "ESP"]
[Source "lmi"]
[SourceDate "2016.01.08"]

1. Nf3 d5 2. g3 Bg4 3. Bg2 c6 4. O-O e6 5. d3 Nf6 6. Nbd2 Nbd7 7. Qe1 Be7 8. h3
Bh5 9. g4 Bg6 10. Nh4 e5 11. e4 dxe4 12. dxe4 Qc7 13. Nf5 Bxf5 14. exf5 Nd5 15.
Ne4 O-O 16. Bd2 Rfe8 17. Rd1 Rad8 18. b3 Nf4 19. Bc3 Nb6 20. g5 Bf8 21. h4 Nbd5
22. Bd2 Qc8 23. Ng3 Nxg2 24. Kxg2 Nf4+ 25. Kh2 Rd5 26. Bc1 Qd7 27. Rxd5 cxd5
28. Qd1 Bd6 29. Re1 e4 30. Kg1 Qc7 31. Qg4 Qc3 32. Rf1 Qf3 33. Qxf3 exf3 34.
Bxf4 Bxf4 35. Rd1 Bxg3 36. fxg3 Re2 37. Rxd5 Kf8 38. Rc5 Rg2+ 39. Kf1 Rxg3 40.
Rc8+ Ke7 41. Rc7+ Kd6 42. Kf2 Rh3 43. Rxb7 Ke5 44. Rxa7 Rxh4 45. Ra5+ 1-0

[Event "41 Abierto Ciudad de Sevilla 2016"]
[Site "Sevilla ESP"]
[Date "2016.01.14"]
[Round "7.10"]
[White "Perera Borrego, Mariela"]
[Black "Campora Sivori, Daniel"]
[Result "0-1"]
[WhiteElo "2173"]
[BlackElo "2466"]
[PlyCount "58"]
[EventDate "2016.01.08"]
[EventType "swiss"]
[EventRounds "9"]
[EventCountry "ESP"]
[Source "lmi"]
[SourceDate "2016.01.08"]

1. d4 f5 2. c4 Nf6 3. Nf3 g6 4. b4 Bg7 5. Bb2 O-O 6. Nbd2 e6 7. Qc2 Qe7 8. c5
d6 9. e3 Nc6 10. a3 e5 11. b5 Nxd4 12. exd4 exd4+ 13. Be2 dxc5 14. Nb3 b6 15.
O-O Bb7 16. Bc4+ Kh8 17. Ng5 Ng4 18. Ne6 Qd6 19. f4 Ne3 20. Qe2 Nxc4 21. Nxf8
Nxb2 22. Ne6 d3 23. Qe3 Nc4 24. Qe1 Qd5 25. Rf3 d2 26. Nxd2 Nxd2 27. Rf2 Re8
28. Rxd2 Bd4+ 29. Kh1 Qxe6 0-1

[Event "41 Abierto Ciudad de Sevilla 2016"]
[Site "Sevilla ESP"]
[Date "2016.01.14"]
[Round "7.11"]
[White "Xu, Xiangyu"]
[Black "Gavira Galocha, Antonio Jesus"]
[Result "1-0"]
[WhiteElo "2466"]
[BlackElo "2007"]
[PlyCount "49"]
[EventDate "2016.01.08"]
[EventType "swiss"]
[EventRounds "9"]
[EventCountry "ESP"]
[Source "lmi"]
[SourceDate "2016.01.08"]

1. e4 d5 2. exd5 Qxd5 3. Nc3 Qd6 4. d4 Nf6 5. Nf3 Bg4 6. h3 Bxf3 7. Qxf3 c6 8.
Be3 e6 9. O-O-O Nbd7 10. g4 Nd5 11. Ne4 Qc7 12. Bd2 N7f6 13. Ng3 b5 14. g5 Nd7
15. Ne4 Be7 16. h4 Rf8 17. Bh3 O-O-O 18. Qh5 Nf4 19. Qxh7 g6 20. Kb1 Rde8 21.
Bg4 Rh8 22. Qxf7 Rhf8 23. Bxf4 Qxf4 24. Qxe6 Qc7 25. d5 1-0

[Event "41 Abierto Ciudad de Sevilla 2016"]
[Site "Sevilla ESP"]
[Date "2016.01.14"]
[Round "7.12"]
[White "Hernandez Muã<->oz, Antonio Ramon"]
[Black "Granero Roca, Antonio"]
[Result "0-1"]
[WhiteElo "2154"]
[BlackElo "2410"]
[PlyCount "98"]
[EventDate "2016.01.08"]
[EventType "swiss"]
[EventRounds "9"]
[EventCountry "ESP"]
[Source "lmi"]
[SourceDate "2016.01.08"]

1. d4 Nf6 2. Nf3 g6 3. g3 Bg7 4. Bg2 O-O 5. O-O d6 6. c4 Nbd7 7. Nc3 c5 8. b3
a6 9. Bb2 Rb8 10. a4 b6 11. Qc2 Qc7 12. d5 Ng4 13. h3 Nge5 14. Ne1 Nf6 15. f4
Ned7 16. Rd1 Re8 17. Nf3 e6 18. dxe6 Rxe6 19. Ng5 Re7 20. Nge4 Bb7 21. Nxd6
Bxg2 22. Kxg2 Re6 23. Qd3 Qc6+ 24. Kf2 Bf8 25. Nde4 Rxe4 26. Nxe4 Nxe4+ 27. Kg1
Ndf6 28. f5 Re8 29. fxg6 hxg6 30. Bxf6 Nxf6 31. Qf3 Re6 32. Rd3 Qe8 33. Qb7 Ne4
34. Rd8 Qe7 35. Qxe7 Rxe7 36. a5 Nxg3 37. Rf6 Nxe2+ 38. Kf2 bxa5 39. Rxa6 Nd4
40. Rxa5 Ne6 41. Rc8 Rd7 42. b4 cxb4 43. c5 Kg7 44. c6 Rd2+ 45. Ke1 Rc2 46. Rb5
Bd6 47. Kd1 Rc4 48. Rd5 Bf4 49. Rd7 Nd4 0-1

[Event "41 Abierto Ciudad de Sevilla 2016"]
[Site "Sevilla ESP"]
[Date "2016.01.14"]
[Round "7.13"]
[White "Barrenechea Bahamonde, Gustavo"]
[Black "Montero Melendez, Rafael"]
[Result "1-0"]
[WhiteElo "2116"]
[BlackElo "2373"]
[PlyCount "89"]
[EventDate "2016.01.08"]
[EventType "swiss"]
[EventRounds "9"]
[EventCountry "ESP"]
[Source "lmi"]
[SourceDate "2016.01.08"]

1. e4 c5 2. Nf3 e6 3. b4 cxb4 4. d4 d5 5. e5 Bd7 6. Bd3 Qb6 7. O-O Nc6 8. Be3
Nh6 9. c4 bxc3 10. Nxc3 Qa5 11. Bd2 a6 12. Ne4 Qc7 13. Ng3 Nf5 14. Rc1 Be7 15.
Nh5 g6 16. Nf6+ Bxf6 17. exf6 h6 18. g4 Qd8 19. gxf5 gxf5 20. Bf4 Qxf6 21. Be5
Rg8+ 22. Kh1 Qe7 23. Qb3 Na5 24. Qb6 Qa3 25. Rfd1 Bc6 26. Rg1 Rg6 27. Nh4 Rg4
28. f3 Nc4 29. Qb3 Qe7 30. fxg4 Qxh4 31. gxf5 Nxe5 32. dxe5 Qf4 33. Rg8+ Kd7
34. Rxc6 Kxc6 35. Qc2+ Kb6 36. Rxa8 Qf3+ 37. Kg1 Qg4+ 38. Kf1 Qh3+ 39. Ke1 Qe3+
40. Qe2 Qc1+ 41. Kf2 Qf4+ 42. Kg2 Qg5+ 43. Kf1 Qc1+ 44. Qe1 Qf4+ 45. Qf2+ 1-0

[Event "41 Abierto Ciudad de Sevilla 2016"]
[Site "Sevilla ESP"]
[Date "2016.01.14"]
[Round "7.14"]
[White "Esquivias Quintero, Luis Manue"]
[Black "Ladron De Guevara Pinto, Paolo"]
[Result "0-1"]
[WhiteElo "2107"]
[BlackElo "2348"]
[PlyCount "124"]
[EventDate "2016.01.08"]
[EventType "swiss"]
[EventRounds "9"]
[EventCountry "ESP"]
[Source "lmi"]
[SourceDate "2016.01.08"]

1. e4 e5 2. Nf3 Nc6 3. Bb5 g6 4. c3 Bg7 5. d4 exd4 6. Bg5 Nge7 7. cxd4 h6 8.
Bh4 a6 9. Ba4 g5 10. Bg3 b5 11. Bb3 d6 12. Nc3 Bg4 13. h3 Bh5 14. Qd3 Qd7 15.
d5 Ne5 16. Bxe5 Bxe5 17. Nxe5 dxe5 18. g4 Bg6 19. O-O-O Nc8 20. Qg3 Qd6 21. h4
b4 22. Na4 Qe7 23. h5 Bh7 24. Qe3 O-O 25. f3 Nd6 26. Kb1 Nb5 27. Rh2 Rfd8 28.
Rc2 Kg7 29. Nc5 Nd4 30. Rxd4 exd4 31. Qxd4+ Qf6 32. Qxf6+ Kxf6 33. Nd3 a5 34.
Rc6+ Kg7 35. Rxc7 Rac8 36. Rxc8 Rxc8 37. Ba4 Rd8 38. Kc2 Kf6 39. Bc6 Ke7 40.
Kb3 Bg8 41. Ka4 f5 42. gxf5 Bf7 43. Ne5 Bxh5 44. Ng4 Bxg4 45. fxg4 Kd6 46. Bb5
Ke5 47. f6 Kxe4 48. f7 Rf8 49. Kxa5 Kxd5 50. Kxb4 Kd4 51. a4 h5 52. gxh5 g4 53.
Bc6 Rxf7 54. a5 Rf6 55. Bb7 g3 56. Kb5 Rf5+ 57. Kb6 Rd5 58. h6 g2 59. h7 g1=Q
60. h8=Q+ Kc4+ 61. Kc7 Qc5+ 62. Kb8 Qd6+ 0-1

[Event "41 Abierto Ciudad de Sevilla 2016"]
[Site "Sevilla ESP"]
[Date "2016.01.14"]
[Round "7.15"]
[White "Rizouk, Aimen"]
[Black "Olivera Gutierrez*, Albert"]
[Result "1-0"]
[WhiteElo "2511"]
[BlackElo "2041"]
[PlyCount "47"]
[EventDate "2016.01.08"]
[EventType "swiss"]
[EventRounds "9"]
[EventCountry "ESP"]
[Source "lmi"]
[SourceDate "2016.01.08"]

1. e4 e5 2. d4 exd4 3. Qxd4 Nc6 4. Qe3 Nf6 5. Bd2 Bb4 6. Nc3 O-O 7. O-O-O Re8
8. f3 d5 9. Qf2 dxe4 10. Bg5 Qe7 11. Nd5 Qe6 12. Bxf6 gxf6 13. fxe4 Be7 14. Nf3
Bd8 15. Bb5 Qg4 16. Nd4 Qg5+ 17. Kb1 Bd7 18. h4 Qe5 19. Rhe1 Bg4 20. Bxc6 bxc6
21. Nxc6 Qe6 22. Nxd8 Raxd8 23. Nxf6+ Qxf6 24. Qxf6 1-0

[Event "41 Abierto Ciudad de Sevilla 2016"]
[Site "Sevilla ESP"]
[Date "2016.01.14"]
[Round "7.16"]
[White "Hidalgo Begines, Daniel"]
[Black "Corbalan Gomez, Juan Jose"]
[Result "0-1"]
[WhiteElo "2037"]
[BlackElo "2274"]
[PlyCount "82"]
[EventDate "2016.01.08"]
[EventType "swiss"]
[EventRounds "9"]
[EventCountry "ESP"]
[Source "lmi"]
[SourceDate "2016.01.08"]

1. Nf3 Nf6 2. d4 e6 3. c4 b6 4. Nc3 Bb4 5. Qc2 Bb7 6. e3 O-O 7. Bd2 Bxc3 8.
Bxc3 Ne4 9. Be2 f5 10. O-O d6 11. Rad1 Nd7 12. b3 Nxc3 13. Qxc3 Qf6 14. Ne1 e5
15. dxe5 Nxe5 16. Qd4 a5 17. Nf3 a4 18. b4 f4 19. e4 Nd7 20. Qxf6 Nxf6 21. e5
dxe5 22. Nxe5 Rfe8 23. Bf3 Bxf3 24. Nxf3 Re2 25. a3 Rae8 26. Rd2 Rxd2 27. Nxd2
Re2 28. Rd1 Ng4 29. h3 Nxf2 30. Kf1 Nxd1 31. Kxe2 Ne3 32. g3 Nc2 33. gxf4 Nxa3
34. Kd3 b5 35. cxb5 Nxb5 36. Kc4 Nd6+ 37. Kd5 a3 38. Nb3 a2 39. Kc6 Ne8 40. Kd7
Kf7 41. Na1 Nf6+ 0-1

[Event "41 Abierto Ciudad de Sevilla 2016"]
[Site "Sevilla ESP"]
[Date "2016.01.14"]
[Round "7.17"]
[White "Sgnaolin, Davide"]
[Black "Saez Gabikagogeaskoa*, Oscar"]
[Result "1/2-1/2"]
[WhiteElo "2257"]
[BlackElo "2036"]
[PlyCount "70"]
[EventDate "2016.01.08"]
[EventType "swiss"]
[EventRounds "9"]
[EventCountry "ESP"]
[Source "lmi"]
[SourceDate "2016.01.08"]

1. e4 c5 2. Nf3 Nc6 3. Bb5 g6 4. Bxc6 dxc6 5. h3 Bg7 6. d3 e5 7. Be3 Qe7 8. Nc3
Nf6 9. Qd2 h6 10. O-O Bd7 11. a3 Nh5 12. b4 cxb4 13. axb4 Nf4 14. Ne2 O-O 15.
Nxf4 exf4 16. Bc5 Qf6 17. Bxf8 Bxf8 18. d4 g5 19. Rfe1 a6 20. c4 h5 21. Ne5 Be6
22. Qc3 g4 23. hxg4 hxg4 24. f3 g3 25. Kf1 Qh4 26. Ke2 Qh2 27. Rg1 f5 28. Ng6
fxe4 29. Nxf4 exf3+ 30. Kxf3 Qh4 31. Nxe6 Qh5+ 32. Kxg3 Bd6+ 33. Kf2 Qf5+ 34.
Qf3 Qxe6 35. Rge1 Qf7 1/2-1/2

[Event "41 Abierto Ciudad de Sevilla 2016"]
[Site "Sevilla ESP"]
[Date "2016.01.14"]
[Round "7.18"]
[White "Fernandez Ruiz, Manuel Alejand"]
[Black "Medina Carrasco, Santiago"]
[Result "0-1"]
[WhiteElo "2025"]
[BlackElo "2165"]
[PlyCount "62"]
[EventDate "2016.01.08"]
[EventType "swiss"]
[EventRounds "9"]
[EventCountry "ESP"]
[Source "lmi"]
[SourceDate "2016.01.08"]

1. d4 d5 2. Nf3 Nf6 3. c4 e6 4. Nc3 Be7 5. Bf4 O-O 6. e3 dxc4 7. Bxc4 a6 8. O-O
b5 9. Be2 Bb7 10. Rc1 Nbd7 11. h3 c5 12. dxc5 Nxc5 13. b4 Nce4 14. Nxe4 Bxe4
15. Qb3 Rc8 16. Rfd1 Qb6 17. Nd4 Nd5 18. Bg3 Nxb4 19. a3 Nc6 20. Nf3 h6 21. Bd6
Na5 22. Qb4 Bxd6 23. Qxe4 Bxa3 24. Rb1 Qc6 25. Qg4 Nc4 26. Bd3 Nb2 27. Ne5 Qc7
28. Nd7 f5 29. Qg6 Rf7 30. Rbc1 Qxd7 31. Bxf5 Rxc1 0-1

[Event "41 Abierto Ciudad de Sevilla 2016"]
[Site "Sevilla ESP"]
[Date "2016.01.14"]
[Round "7.19"]
[White "Aranaz Portugues, Jose Carlos"]
[Black "Martin Rengel, Jose Maria"]
[Result "1-0"]
[WhiteElo "2162"]
[BlackElo "2003"]
[PlyCount "75"]
[EventDate "2016.01.08"]
[EventType "swiss"]
[EventRounds "9"]
[EventCountry "ESP"]
[Source "lmi"]
[SourceDate "2016.01.08"]

1. d4 d6 2. Bg5 c5 3. d5 g6 4. Qd2 Bg7 5. c3 b5 6. a4 Qa5 7. e4 b4 8. f3 Nd7 9.
Bb5 a6 10. Bc6 Rb8 11. Ne2 Qb6 12. O-O Ngf6 13. a5 Qc7 14. Bh6 O-O 15. Bxg7
Kxg7 16. Bxd7 Bxd7 17. c4 b3 18. Qc3 Rb4 19. Nd2 Ba4 20. Ra3 Rfb8 21. f4 Kg8
22. e5 Ne8 23. Nc1 Ng7 24. Ne4 Ne8 25. g4 Qxa5 26. Nd3 Qc7 27. Rfa1 Qd7 28. f5
Qa7 29. fxg6 hxg6 30. Ng5 Bb5 31. Nxf7 Rxc4 32. Nh6+ Kh7 33. Qd2 Rc2 34. Qe3
Bxd3 35. Nf7 Nf6 36. Qh6+ Kg8 37. Qh8+ Kxf7 38. e6# 1-0

[Event "41 Abierto Ciudad de Sevilla 2016"]
[Site "Sevilla ESP"]
[Date "2016.01.14"]
[Round "7.20"]
[White "Ramirez Guerrero, Enrique"]
[Black "Palacios Perez*, Manuel"]
[Result "0-1"]
[WhiteElo "2010"]
[BlackElo "2157"]
[PlyCount "68"]
[EventDate "2016.01.08"]
[EventType "swiss"]
[EventRounds "9"]
[EventCountry "ESP"]
[Source "lmi"]
[SourceDate "2016.01.08"]

1. d4 Nf6 2. c4 c5 3. Nf3 g6 4. g3 Bg7 5. Bg2 O-O 6. O-O d6 7. Nc3 Nc6 8. d5
Na5 9. Qd3 a6 10. Rb1 b5 11. b3 b4 12. Ne4 Nxe4 13. Qxe4 Bf5 14. Qh4 Bxb1 15.
Bg5 Bxa2 16. Bxe7 Qc7 17. Ng5 h6 18. Ne4 Nb7 19. Nf6+ Kh8 20. Ng4 h5 21. Be4 f5
22. Bc2 Rf7 23. Bg5 Re8 24. Ne3 Kg8 25. h3 Na5 26. g4 Bxb3 27. Bb1 hxg4 28.
hxg4 Rxe3 29. fxe3 Nxc4 30. e4 fxe4 31. Bxe4 Rxf1+ 32. Kxf1 Qf7+ 33. Kg2 Ne5
34. Be7 Bxd5 0-1

[Event "41 Abierto Ciudad de Sevilla 2016"]
[Site "Sevilla ESP"]
[Date "2016.01.15"]
[Round "8.1"]
[White "Vorobiov, Evgeny E"]
[Black "Burmakin, Vladimir"]
[Result "1/2-1/2"]
[WhiteElo "2572"]
[BlackElo "2539"]
[PlyCount "45"]
[EventDate "2016.01.08"]
[EventType "swiss"]
[EventRounds "9"]
[EventCountry "ESP"]
[Source "lmi"]
[SourceDate "2016.01.08"]

1. e4 c6 2. d4 d5 3. exd5 cxd5 4. c4 Nf6 5. Nc3 Nc6 6. Nf3 Bg4 7. cxd5 Nxd5 8.
Qb3 Bxf3 9. gxf3 e6 10. Qxb7 Nxd4 11. Bb5+ Nxb5 12. Qc6+ Ke7 13. Qxb5 Qd7 14.
Nxd5+ Qxd5 15. Qxd5 exd5 16. Be3 Ke6 17. O-O-O Rc8+ 18. Kb1 Bc5 19. Rhe1 Kd6
20. Bf4+ Kc6 21. Be3 Kd6 22. Bf4+ Kc6 23. Be3 1/2-1/2